| 000 | 00353 a2200157 4500 | ||
|---|---|---|---|
| 001 | 48945 | ||
| 020 | _a85-262-3879-5 | ||
| 040 | _cAnchieta - Bela Vista | ||
| 100 | _aNoel, Genevieve | ||
| 240 | 1 | 0 |
_aO gato que perdeu a cor _lpor |
| 245 | 1 | 0 | _aO gato que perdeu a cor |
| 300 | _a32 | ||
| 362 | 0 | _a2001 | |
| 650 | 4 | _aLiteratura infantil | |
| 942 | _cBK | ||
| 999 |
_c48945 _d48945 |
||